000
00291nam a2200097Ia 4500
005
20250424112834.0
008
250424s9999 xx 000 0 und d
300
_a
116 p. :ill. ; 28 cm.
650
_a
Social sciences--Nigeria--Periodicals. Nigeria--Social conditions--Periodicals.
942
_c
SR
999
_c
37435
_d
37435